The Journals of Lewis and Clark, 1804-1806 (Record no. 237719)
[ view plain ]
| 000 -LEADER | |
|---|---|
| fixed length control field | 00978cam a22003013a 4500 |
| 001 - CONTROL NUMBER | |
| control field | 8419 |
| 003 - CONTROL NUMBER IDENTIFIER | |
| control field | PGUSA |
| 005 - DATE AND TIME OF LATEST TRANSACTION | |
| control field | 20140828083156.0 |
| 008 - FIXED-LENGTH DATA ELEMENTS--GENERAL INFORMATION | |
| fixed length control field | 050701s2005||||xxu|||||s|||||000 | eng d |
| 040 ## - CATALOGING SOURCE | |
| Original cataloging agency | PGUSA |
| Language of cataloging | eng |
| 042 ## - AUTHENTICATION CODE | |
| Authentication code | dc |
| 050 #4 - LIBRARY OF CONGRESS CALL NUMBER | |
| Classification number | F590.3 |
| 100 1# - MAIN ENTRY--PERSONAL NAME | |
| Personal name | Lewis, Meriwether, |
| Dates associated with a name | 1774-1809 |
| 245 14 - TITLE STATEMENT | |
| Title | The Journals of Lewis and Clark, 1804-1806 |
| Medium | [electronic resource] / |
| Statement of responsibility, etc | Meriwether Lewis |
| 260 ## - PUBLICATION, DISTRIBUTION, ETC. (IMPRINT) | |
| Name of publisher, distributor, etc | Project Gutenberg, |
| Date of publication, distribution, etc | 2005 |
| 506 ## - RESTRICTIONS ON ACCESS NOTE | |
| Terms governing access | Public domain in the USA. |
| 516 ## - TYPE OF COMPUTER FILE OR DATA NOTE | |
| Type of computer file or data note | Electronic text |
| 653 ## - INDEX TERM--UNCONTROLLED | |
| Uncontrolled term | West (U.S.) -- Description and travel |
| 653 ## - INDEX TERM--UNCONTROLLED | |
| Uncontrolled term | Lewis, Meriwether, 1774-1809 |
| 653 ## - INDEX TERM--UNCONTROLLED | |
| Uncontrolled term | Clark, William, 1770-1838 |
| 653 ## - INDEX TERM--UNCONTROLLED | |
| Uncontrolled term | Columbia River -- Description and travel |
| 653 ## - INDEX TERM--UNCONTROLLED | |
| Uncontrolled term | Missouri River -- Description and travel |
| 653 ## - INDEX TERM--UNCONTROLLED | |
| Uncontrolled term | Lewis and Clark Expedition (1804-1806) |
| 653 ## - INDEX TERM--UNCONTROLLED | |
| Uncontrolled term | West (U.S.) -- History -- To 1848 |
| 830 #0 - SERIES ADDED ENTRY--UNIFORM TITLE | |
| Uniform title | Project Gutenberg |
| Volume number/sequential designation | 8419 |
| 856 40 - ELECTRONIC LOCATION AND ACCESS | |
| Uniform Resource Identifier | <a href="http://www.gutenberg.org/ebooks/8419">http://www.gutenberg.org/ebooks/8419</a> |
| 942 ## - ADDED ENTRY ELEMENTS (KOHA) | |
| Koha item type | eBooks |
| Withdrawn status | Lost status | Damaged status | Home library | Current library | Date acquired | Total Checkouts | Date last seen | Price effective from | Koha item type |
|---|---|---|---|---|---|---|---|---|---|
| Project Gutenberg | Project Gutenberg | 08/28/2014 | 08/28/2014 | 08/28/2014 | eBooks |